000 00296nam a22001217a 4500
082 _a153.4
_bTAG/T
100 _aTAGORE,RABINDER NATH
245 _aTHOUGHTS FROM RABINDER NATH TAGORE
260 _aCHANDIGARH
_bABHISHEK PUBLICATIONS
300 _a206
650 _aTHOUGHTS
_zCHANDIGARH
942 _cBK
999 _c3749
_d3749